|
|
|
|
| LEADER |
00000nam0a2200000 4500 |
| 001 |
36120 |
| 005 |
20231031001056.0 |
| 035 |
|
|
|a (RuTPU)RU\TPU\book\36586
|
| 035 |
|
|
|a BOOK00003238
|
| 090 |
|
|
|a 36120
|
| 100 |
|
|
|a 20011210d1972 km y0rusy50 ca
|
| 101 |
0 |
|
|a rus
|
| 102 |
|
|
|a RU
|
| 105 |
|
|
|a a z 000zy
|
| 200 |
1 |
|
|a Инженерная химия гетерогенного катализа
|f И. И. Иоффе, Л. М. Письмен
|
| 205 |
|
|
|a 2-е изд., перераб. и доп.
|
| 210 |
|
|
|a Ленинград
|c Химия
|d 1972
|
| 215 |
|
|
|a 462 с.
|c ил.
|
| 606 |
1 |
|
|a Катализ гетерогенный
|x Кинетика
|2 stltpush
|3 (RuTPU)RU\TPU\subj\31830
|
| 610 |
1 |
|
|a теория
|
| 610 |
1 |
|
|a каталитические процессы
|
| 610 |
1 |
|
|a устройства
|
| 610 |
1 |
|
|a расчеты
|
| 610 |
1 |
|
|a реакторы
|
| 610 |
1 |
|
|a уравнения
|
| 675 |
|
|
|a 66.097-936.4
|v 3
|
| 700 |
|
1 |
|a Иоффе
|b И. И.
|g Иосиф Исаевич
|
| 701 |
|
1 |
|a Письмен
|b Л. М.
|g Леонид Михайлович
|
| 801 |
|
0 |
|a RU
|b 63413507
|c 20011210
|g PSBO
|
| 801 |
|
2 |
|a RU
|b 63413507
|c 20201021
|g PSBO
|
| 900 |
|
|
|a Теоретические основы создания систем охраны окружающей среды
|
| 900 |
|
|
|a Теория химико-технологических процессов органического синтеза
|
| 900 |
|
|
|a Катализ и технология катализаторов
|
| 942 |
|
|
|c BK
|